000 00429nam a2200169Ia 4500
005 20240718041329.0
008 240331s9999 xx 000 0 und d
020 _a0195082621
082 _bFUN
_a200
245 0 _aFundamentalism and gender
260 _aNew York
_bOxford University Press
_c1994
300 _avi, 220 p .,
650 _aGender
650 _aFundamentalism
700 _aHawley, Stratton John
_eedt
942 _cL
999 _c1379
_d1379